Documentación selecta sobre la situación de los gitanos españoles en el siglo XVIII

Պահպանված է:
Մատենագիտական մանրամասներ
Հիմնական հեղինակ: Sánchez Ortega, María Helena (Հեղինակ)
Ձևաչափ: Գիրք
Լեզու:իսպաներեն
Հրապարակվել է: Madrid Nacional 1976
Շարք:Biblioteca de Visionarios, heterodoxos y marginados, 14
Խորագրեր:
Ցուցիչներ: Ավելացրեք ցուցիչ
Չկան պիտակներ, Եղեք առաջինը, ով նշում է այս գրառումը!

MARC

LEADER 00000nam a2200000 a 4500
001 UCV9357
003 CL-VaPUC
008 920824e19760000SP |||||||||||||||||spa|d
082 0 4 |a 305.891  |b SAN  |2 21 
100 0 |a Sánchez Ortega, María Helena  |e author  |9 303360 
245 1 0 |a Documentación selecta sobre la situación de los gitanos españoles en el siglo XVIII 
300 |a 268 p 
942 |c BK 
945 |d 19920824 00:00:00 
260 |a Madrid  |b Nacional  |c 1976 
650 7 |a GITANOS SIGLO 18  |2 CL-VaPUC  |9 268019 
650 7 |a GITANOS SITUACION LEGAL  |2 CL-VaPUC  |9 268020 
651 0 |a España  |9 254926 
583 |a last modification  |c 19920824 00:00:00  |k Rodrigo Vera 
490 0 |a Biblioteca de Visionarios, heterodoxos y marginados, 14 
999 |c 214707  |d 214705 
952 |0 0  |1 0  |4 0  |6 305_891000000000000_SAN_1976  |7 0  |8 P  |9 198361  |a BIBARQ  |b BIBARQ  |d 2019-11-14  |i 2658488  |o 305.891 SAN 1976  |p 2658488  |r 2025-01-20  |w 2019-11-14  |y BK  |k ARQ